| 000 | 00799nam a2200241 a 4500 | ||
|---|---|---|---|
| 001 | 000021288 | ||
| 005 | 20200930011304.0 | ||
| 008 | 100903s1978 sp r 000 f spa d | ||
| 020 | _a8425310296 | ||
| 040 |
_aDO-SdBNP _bspa _cBNPHU |
||
| 082 |
_a813.54 _bS755e, 1978 |
||
| 100 | 1 |
_aSpielberg, Steven _d1946- _944483 |
|
| 240 | 1 | 0 |
_aClose encounters of the third kind. _lEspañol. |
| 245 | 1 | 0 |
_aEncuentros cercanos del tercer tipo / _cSteven Spielberg. |
| 250 | _a2a ed. | ||
| 260 |
_aBarcelona, España : _bGrijalbo, _c1978. |
||
| 300 |
_a313, [2] p. ; _c19 cm. |
||
| 534 |
_aTítulo original: _tClose encounters of the third kind |
||
| 650 | 4 |
_aNovela estadounidense _9262 |
|
| 650 | 4 |
_aLiteratura estadounidense _ySIGLO XX _96874 |
|
| 700 | 1 |
_aMenini, Ma. Antonia _etr. _944484 |
|
| 049 | _aBNGR | ||
| 999 |
_c20788 _d20788 |
||